000 00913nam a2200241 a 4500
008 131023s2013 ||||||||||||||||| || u
020 _a02655012
050 _aIDS(08)
110 _aInstitute of Development Studies (IDS)
245 1 0 _aIDS bulletin: China and Brazil in African agriculture
_cby Institute of Development Studies [IDS]
260 _aOxford:
_bJohn Wiley and Sons
_c2013
300 _avi, 130p.: ill.
362 1 _a<p>July 2013 Vol. 44 No. 4</p>
490 _aIDS bulletin
490 _vVol. 44, No. 4
500 _aBibliography
650 _aAGRICULTURE IN AFRICA--CHINA
650 _aSOUTH-SOUTH COOPERATION--AGRICULTURE
650 _aAGRICULTURE IN AFRICA--BRAZIL
650 _aAFRICAN AGRICULTURE
650 _aAGRICULTURE AND STATE
995 _FCBU-MAIN LIBRARY (Kitwe)
_M1
_UAVAILABLE
_WOct 23, 2013
_ZInternational Publications
999 _c46133
_d46133